[Event "VEN-chT Liga Superior qual"]
[Site "Caracas"]
[Date "2018.01.27"]
[Round "4.4"]
[White "Brizuela Abreu, Ronald Jesus"]
[Black "Salcedo, Alejandro"]
[Result "1-0"]
[WhiteElo "2305"]
[BlackElo "2058"]
[PlyCount "89"]
[EventDate "2018.01.26"]
[EventType "team-swiss"]
[EventRounds "6"]
[EventCountry "VEN"]
[SourceTitle "EXT 2022"]
[Source "ChessBase"]
[SourceDate "2021.10.06"]
[SourceVersion "1"]
[SourceVersionDate "2021.10.06"]
[SourceQuality "1"]
[WhiteTeam "Lo&Ar Taem Galletero"]
[BlackTeam "Hermandad Gallega de Caracas"]
[WhiteTeamCountry "VEN"]
[BlackTeamCountry "VEN"]

1. d4 c6 2. c4 d6 3. Nc3 h6 4. g3 Qc7 5. Bg2 e5 6. Nf3 Nf6 7. 0-0 Be7 8. h3 Nbd7 9. e4 Nf8 10. Be3 g5 11. Ne1 Ng6 12. Rc1 Bd7 13. b4 Qc8 14. Kh2 h5 15. d5 h4 16. g4 Nf4 17. f3 cxd5 18. cxd5 Qd8 19. Rf2 0-0 20. Bf1 Ne8 21. Qb3 Qb8 22. a4 Bd8 23. Nc2 Bc7 24. Na3 Qd8 25. a5 a6 26. Nc4 Qf6 27. b5 axb5 28. Nxb5 Bxa5 29. Ra1 b6 30. Nxb6 Bxb6 31. Rxa8 Bxe3 32. Qxe3 Bxb5 33. Bxb5 Ng7 34. Rxf8+ Kxf8 35. Qb6 Kg8 36. Ra2 Kh7 37. Qe3 Qd8 38. Qa7 Qf6 39. Bd7 Qd8 40. Ra6 Qf6 41. Bf5+ Nxf5 42. gxf5 g4 43. fxg4 Kg7 44. Qd7 Ng6 45. Rxd6 1-0